Indian Polity: (Record no. 96635)

MARC details
000 -LEADER
fixed length control field 00877nam a22002417a 4500
005 - DATE AND TIME OF LATEST TRANSACTION
control field 20150903172712.0
008 - FIXED-LENGTH DATA ELEMENTS--GENERAL INFORMATION
fixed length control field 150903b xxu||||| |||| 00| 0 eng d
010 ## - LCCN (DPL NO)
LC control number B-598016
020 ## - INTERNATIONAL STANDARD BOOK NUMBER
International Standard Book Number 9781259064128
Terms of availability 550.00
035 ## - SYSTEM CONTROL NUMBER
System control number B-598016
037 ## - SOURCE OF ACQUISITION
Source of stock number/acquisition UBH
040 ## - CATALOGING SOURCE
Original cataloging agency dpl
Language of cataloging eng
082 ## - DEWEY DECIMAL CLASSIFICATION NUMBER
Classification number 320.954
100 ## - MAIN ENTRY--PERSONAL NAME
Personal name Laxmikanth, M.
245 ## - TITLE STATEMENT
Title Indian Polity:
Statement of responsibility, etc by M. Laxmikant
Remainder of title for civil services examinations/
250 ## - EDITION STATEMENT
Edition statement 4th rev.&updated ed.
260 ## - PUBLICATION, DISTRIBUTION, ETC. (IMPRINT)
Place of publication, distribution, etc New Delhi
Name of publisher, distributor, etc McGraw Hill Education(India)
Date of publication, distribution, etc 2015
270 ## - ADDRESS
Address P-24, Green Park Extension,
City New Delhi
Postal code 110016
300 ## - PHYSICAL DESCRIPTION
Extent xxxv, vp
Dimensions 24cm (pbk)
490 ## - SERIES STATEMENT
Series statement McGraw Hill Education WE series
942 ## - ADDED ENTRY ELEMENTS (KOHA)
Source of classification or shelving scheme Dewey Decimal Classification
Item type English Books
Classification part 320.954
Call number suffix LAX
Holdings
Withdrawn status Lost status Source of classification or shelving scheme Damaged status Not for loan Collection code Home library Current library Date acquired Source of acquisition Cost, normal purchase price Total Checkouts Full call number Barcode Date last seen Copy number Cost, replacement price Koha item type
    Dewey Decimal Classification     Non-fiction Sarojini Nagar Sarojini Nagar 03/09/2015 UBH/059/30.6.15/DPL/ZLS/RP/2015-16/1/46/29.6.15/14.7.15 550.00   320.954 LAX B-598016 03/09/2015 1 550.00 English Books

© Delhi Public Library
Hit Counter
free hit counter